التوجيه النحوى للقراءات الشاذة في كتاب إعراب القرآن لأبي جعفر النحاس /
محفوظ في:
| المؤلف الرئيسي: | |
|---|---|
| مؤلفون آخرون: | |
| التنسيق: | أطروحة |
| اللغة: | Arabic |
| منشور في: |
Yaman :
Jami'at 'Adan al-Yamaniyah,
2006
|
| الموضوعات: | |
| الوسوم: |
إضافة وسم
لا توجد وسوم, كن أول من يضع وسما على هذه التسجيلة!
|
| LEADER | 016780000a22003010004500 | ||
|---|---|---|---|
| 008 | 131208s2006 ye f 000 0 ara d | ||
| 040 | |a UIAM |b eng | ||
| 041 | |a ara | ||
| 050 | 0 | |a BP131.3.S9 | |
| 100 | 1 | |a عمراني، محمد بن محمد بن أحمد بن قاسم | |
| 242 | 1 | 3 | |a al-Tawjih al-nahwi lil-qira'at al-shadhah fi kitab i'rab al-Qur'an li-Abi Ja'far al-Nahhas |
| 245 | 1 | 2 | |a التوجيه النحوى للقراءات الشاذة في كتاب إعراب القرآن لأبي جعفر النحاس / |c رسالة تقدم بها، محمد بن محمد بن أحمد بن قاسم العمراني |
| 260 | |a Yaman : |b Jami'at 'Adan al-Yamaniyah, |c 2006 | ||
| 300 | |a 1 v. ; |c 30 cm. | ||
| 500 | |a "و هي جزء من متطلبات درجة الماجستير في اللغة العربية وآدابها" --On t.p. | ||
| 502 | |a Thesis (M.A.)--Jami'at 'Adan, 2006. | ||
| 504 | |a Includes bibliographical references. | ||
| 596 | |a 1 | ||
| 600 | 1 | 0 | |a Nahhas, Ahmad ibn Muhammad, |d d. 950. |t I'rab al-Qur'an |
| 630 | 0 | 0 | |a Qur'an |v Early works to 1800 |x Language, style |
| 650 | 0 | |a Arabic language |v Early works to 1800 |x Syntax | |
| 655 | |a Theses, Facsimile edition (Islamic) | ||
| 700 | 1 | |a 'Imrani, Muhammad ibn Muhammad ibn Ahmad ibn Qasim | |
| 710 | 2 | |a جامعة عدن. |b كلية التربية. قسم اللغة العربية | |
| 710 | 2 | |a Jami'at 'Adan. |b Kulliyat al-Tarbiyah. Qism al-Lughah al-'Arabiyah | |
| 900 | |a arf-sar | ||
| 999 | |c 435164 |d 465332 | ||
| 952 | |0 0 |6 TI BP 000131.3 S9 N153I3 I34 2006 |7 0 |8 THESES |9 756714 |a IIUM |b IIUM |c MULTIMEDIA |g 280.00 |o ti BP 131.3 S9 N153I3 I34 2006 |p 00011275907 |r 2017-10-23 |t 1 |v 280.00 |y THESIS | ||
